Applied multivariate statistical analysis (Record no. 29586)
[ view plain ]
| 000 -LEADER | |
|---|---|
| fixed length control field | 00550nam a2200205Ia 4500 |
| 001 - CONTROL NUMBER | |
| control field | 29514 |
| 008 - FIXED-LENGTH DATA ELEMENTS--GENERAL INFORMATION | |
| fixed length control field | 140415s9999 xx 000 0 und d |
| 020 ## - INTERNATIONAL STANDARD BOOK NUMBER | |
| International Standard Book Number | 81-7808-686-7 |
| 040 ## - CATALOGING SOURCE | |
| Transcribing agency | PK-LaUMT |
| 082 ## - DEWEY DECIMAL CLASSIFICATION NUMBER | |
| Classification number | 519.5135 |
| Item number | JOH-A |
| 100 ## - MAIN ENTRY--PERSONAL NAME | |
| Personal name | Dean W. Wichern |
| 245 ## - TITLE STATEMENT | |
| Title | Applied multivariate statistical analysis |
| Statement of responsibility, etc | Dean W. Wichern<>Richard A. Johnson |
| 250 ## - EDITION STATEMENT | |
| Edition statement | 5th |
| 260 ## - PUBLICATION, DISTRIBUTION, ETC. (IMPRINT) | |
| Place of publication, distribution, etc | Delhi,India: |
| Name of publisher, distributor, etc | Pearson Education, |
| Date of publication, distribution, etc | 2002 |
| 300 ## - PHYSICAL DESCRIPTION | |
| Extent | 767 p. |
| 546 ## - LANGUAGE NOTE | |
| Language note | EN |
| 650 ## - SUBJECT ADDED ENTRY--TOPICAL TERM | |
| Topical term or geographic name as entry element | Multivariate analysis |
| 700 ## - ADDED ENTRY--PERSONAL NAME | |
| Personal name | Richard A. Johnson |
| 942 ## - ADDED ENTRY ELEMENTS (KOHA) | |
| Koha item type | Books |
| Withdrawn status | Lost status | Damaged status | Not for loan | Home library | Current library | Date acquired | Total Checkouts | Total Renewals | Full call number | Barcode | Date last seen | Date checked out | Price effective from | Koha item type |
|---|---|---|---|---|---|---|---|---|---|---|---|---|---|---|
| UMT Main Campus | UMT Main Campus | 2014-04-05 | 12 | 1 | 519.5135 JOH-A | 36449 | 2021-04-07 | 2020-12-05 | 2014-04-25 | Books |
